| 000 | 00469nam a2200157 i 4500 | ||
|---|---|---|---|
| 001 | 35120 | ||
| 003 | ES-MaACL | ||
| 005 | 20230906155046.0 | ||
| 007 | t| | ||
| 008 | 030212s1857 fr ||||1| fre d | ||
| 100 | 1 |
_aBordeaux, Raymond. _930391 |
|
| 245 | 1 | 0 |
_aPhilosophie de la procedure civile _b: memoire sur la reformation de la justice / _cpar Raymond Bordeaux. |
| 260 |
_aEvreuse : _bHerissey, _c1857. |
||
| 300 |
_a615 p. ; _c22 cm. |
||
| 852 |
_aES-MaACL _jF-14629 |
||
| 999 |
_c35120 _d35120 |
||